| 000 | 00643nam a22001937a 4500 | ||
|---|---|---|---|
| 999 |
_c124863 _d124863 |
||
| 005 | 20211204114604.0 | ||
| 008 | 211204b ||||| |||| 00| 0 eng d | ||
| 020 | _a9780344965647 | ||
| 040 | _cPK-LaUMT | ||
| 082 |
_a581.659 _bBER-P |
||
| 100 | _aBernhard-Smith, Arthur | ||
| 245 |
_aPoisonous plants of all countries. with the active, chemical principles which they contain; and the toxic symptoms produced by each group / _cby Arthur Bernhard-Smith |
||
| 260 |
_aLondon : _bBristol John Wright & Co., _c1905 |
||
| 300 | _a88 p. | ||
| 650 | _aPoisonous plants | ||
| 650 | _aHarmful plants | ||
| 650 | _aInjurious plants | ||
| 942 | _cBK | ||